000 00643nam a2200277Ia 4500
005 20260324150258.0
008 008 260324s9999 xx 000 0 eng d
020 _a9781315623702
037 _aEBOOK
040 _aCRL
040 _beng
040 _cCRL
041 _2eng
041 _aeng
084 _qCRL
100 _aDonald Wesling
_91070397
245 0 _aWordsworth and the Adequacy of Landscape
260 _bTaylor and Francis
260 _c1970
365 _a
365 _b180
856 _uhttp://www.taylorfrancis.com/books/9781315623702
942 _cEBOOK
999 _c1835042
_d1835042